A definite maybe (Record no. 74843)

MARC details
000 -LEADER
fixed length control field 01185cam a2200217 4500
001 - CONTROL NUMBER
control field X128892
008 - FIXED-LENGTH DATA ELEMENTS--GENERAL INFORMATION
fixed length control field 050225n2005 000 0 eng u
035 ## - SYSTEM CONTROL NUMBER
System control number (Sirsi) u128892
100 ## - MAIN ENTRY--PERSONAL NAME
Personal name Murdoch, S.
245 #2 - TITLE STATEMENT
Title A definite maybe
260 ## - PUBLICATION, DISTRIBUTION, ETC.
Date of publication, distribution, etc. 2005
490 ## - SERIES STATEMENT
Series statement Estates Gazette
Volume/sequential designation (0504) 5 February 2005, 201(1)
520 ## - SUMMARY, ETC.
Summary, etc. Discusses how rights to use or occupy land can amount to a lease or a license, depending on whether there is an intention to confer exclusive possession of a defined area. Tenants should be aware of the differences as illustrated by two differently worded agreements in the case "Clear Channel UK Ltd v Manchester City Council" ([2004] EWHC (Ch)). The claimant argued that it held leases protected by the Landlord and Tenant Act 1954 Part II which gives protection providing there is reasonable physical presence considering the nature of the premises and the business.
650 ## - SUBJECT ADDED ENTRY--TOPICAL TERM
Topical term or geographic name entry element CLEAR CHANNEL UK LTD V MANCHESTER CITY COUNCIL
650 ## - SUBJECT ADDED ENTRY--TOPICAL TERM
Topical term or geographic name entry element LANDLORD AND TENANT ACT 1954 PART II
650 ## - SUBJECT ADDED ENTRY--TOPICAL TERM
Topical term or geographic name entry element STREET V MOUNTFORD
650 ## - SUBJECT ADDED ENTRY--TOPICAL TERM
Topical term or geographic name entry element CARDIOTHORACIC INSTITUTE V SHREWDCREST
650 ## - SUBJECT ADDED ENTRY--TOPICAL TERM
Topical term or geographic name entry element OCCUPATION
690 ## - LOCAL SUBJECT ADDED ENTRY--TOPICAL TERM (OCLC, RLIN)
Topical term or geographic name as entry element Landlord and tenant
9 (RLIN) 6252
942 ## - ADDED ENTRY ELEMENTS (KOHA)
Suppress in OPAC 0
Holdings
Withdrawn status Lost status Source of classification or shelving scheme Damaged status Not for loan Home library Current library Shelving location Date acquired Total Checkouts Full call number Barcode Date last seen Copy number Price effective from Koha item type
    Dewey Decimal Classification     London London Journal article 09/03/2005   X128892 A28892-1001 06/08/2019 1 06/08/2019 Journal article